Organizačné zaradenie a náplň práce interného auditu a controllingu v slovenských podnikoch
Analýza postavenia interného auditu a kontrolingu v kontrolnom prostredí podniku. Organizačná a pracovná náplň týchto útvarov. Výsledky výskumu vzorky 40 spoločností z rôznych oblastí hospodárstva a pôsobiacich v SR.
Na minha lista:
| Autor principal: | |
|---|---|
| Formato: | Capítulo de Livro |
| Idioma: | eslovaco |
| Assuntos: | |
| Tags: |
Sem tags, seja o primeiro a adicionar uma tag!
|
MARC
| LEADER | 00000nla a2200000 4500 | ||
|---|---|---|---|
| 001 | 0157492 | ||
| 005 | 20240502072741.9 | ||
| 041 | 0 | |a slo | |
| 044 | |a SK | ||
| 245 | 1 | 0 | |a Organizačné zaradenie a náplň práce interného auditu a controllingu v slovenských podnikoch |c Matúš Jurových |
| 520 | |a Analýza postavenia interného auditu a kontrolingu v kontrolnom prostredí podniku. Organizačná a pracovná náplň týchto útvarov. Výsledky výskumu vzorky 40 spoločností z rôznych oblastí hospodárstva a pôsobiacich v SR. | ||
| 610 | 2 | 0 | |a audit interný |
| 610 | 2 | 0 | |a kontroling podnikový |
| 610 | 2 | 0 | |a riziko finančné |
| 610 | 2 | 0 | |a riadenie podnikové |
| 610 | 2 | 0 | |a výskum |
| 610 | 2 | 0 | |a dotazníky |
| 610 | 2 | 0 | |a Slovensko |
| 100 | 1 | |a Jurových, Matúš | |